000 00442pab a2200181 454500
008 180718b2011 xxu||||| |||| 00| 0 eng d
100 _aBrown, Vincent
245 _aThe rate of profit in the UK, 1920-1938
260 _c2011
300 _ap.1035-1059.
362 _aNov
650 _aProfit - Great Britain
650 _aProfit
700 _aMohun, Simon
773 _aCambridge Journal of Economics
908 _aN
909 _a93556
999 _c93556
_d93556